000 00717nam a22002177a 4500
001 BD-DhSAU 4017
003 BD-DhSAU
005 20150211105258.0
008 150211b1998 ii a|||| |||| 000 0 eng d
020 _a817035246
040 _aBD-DhSAU
082 _222
_a631.546
_bTRA
110 _aFood and Agriculture Organization in the United Nations (FAO)
245 _aTraining for agricultural and rural development 1997-98 /
_cFood and Agriculture Organization in the United Nations (FAO)
260 _aIndia :
_bDaya Publishing House ,
_c1998.
300 _a176 p. :
_bill. ;
_c21 cm.
504 _aInclude bibliography
590 _atamanna
650 _arural development
650 _aagricultural development
942 _2ddc
_cBOOK
999 _c4017
_d4017